00259nam a2200097Ia 4500008004100000245003900041260004000080300001000120650001200130650001900142220216s9999 xx 000 0 und d 0aNatural rubber industry challenges bRubber International Magazinec2013 a16-18 aGuayule aNatural rubber